• 首页
  • 本馆介绍
  • 公告通知
  • 最新文献
  • 馆藏检索
  • 电子资源
  • 读者导购
  • 参考咨询
  • 我的图书馆
  • 登录
  • 详细信息显示
  • 放入我的书架
  • 预约/预借图书
  • 作者相关作品
  • 分类相关作品
  • 丛书相关作品
  • 出版社相关作品

书目信息

  • 表格格式
  • 工作单格式
  • 卡片格式
题名:
表征的重负
    
 
作者: 塔格 著 ;周韵 译
分册:  
出版信息: 重庆   重庆大学出版社  2018
页数: 241页
开本: 22cm
丛书名: 拜德雅·视觉文化丛书
单 册:
中图分类: J40-02
科图分类:
主题词: 摄影艺术--she ying yi shu--哲学理论
电子资源:
ISBN: 978-7-5689-1326-3
000 01636cam 2200337 45
001 012001009231
005 20140101165144.0
010    @a978-7-5689-1326-3@dCNY48.00
099    @aCAL 012019013709
100    @a20190225d2018 em y0chiy50 ea
101 1  @achi@ceng
102    @aCN@b500000
105    @aac a 001yy
106    @ar
200 1  @a表征的重负@Abiao zheng de zhong fu@e论摄影与历史@f(美) 约翰·塔格著@g周韵译
210    @a重庆@c重庆大学出版社@d2018
215    @a241页@c图, 肖像@d22cm
225 2  @a拜德雅·视觉文化丛书@Abai de ya ·shi jue wen hua cong shu
312    @a英文题名原文取自版权页
314    @a约翰·塔格, 艺术史学者, 策展人, 主要学术成就在摄影研究领域。周韵, 博士, 教授, 现就职于江苏第二师范学院。
320    @a有书目 (第219-226页) 和索引
330    @a借鉴符号学, 文化理论中的论争, 以及福柯和阿尔都塞的著作, 本书作者约翰·塔格拒绝了这样一种观念, 即将摄影当作一种对现实的记录, 当作一个纪实性传统的概念。塔格追溯了一段先前未经考察的历史, 这段历史不仅对摄影的历史和理论产生了深远的影响, 而且对于理解表征的新手段和方式在现代社会管理过程中所发挥的作用意义重大。作为回应, 本书作者对照片的意义、地位和影响进行了严格的历史和制度分析, 书中的观点植根于作者对现代国家的发展和扩散的历史性把握。
410  0 @12001 @a拜德雅·视觉文化丛书
500 10 @aBurden of representation : essays on photographies and histories@mChinese
517 1  @a论摄影与历史@Alun she ying yu li shi
606 0  @a摄影艺术@Ashe ying yi shu@x哲学理论
690    @aJ40-02@v5
701  1 @a塔格@Ata ge@g(Tagg, John)@4著
702  0 @a周韵@Azhou yun@4译
801  2 @aCN@b上海新华@c20191020
905    @b1187401-4@dJ40-02@e403@f4
    
    表征的重负:论摄影与历史/(美) 约翰·塔格著/周韵译.-重庆:重庆大学出版社,2018
    241页:图, 肖像;22cm.-(拜德雅·视觉文化丛书)
    
    
    ISBN 978-7-5689-1326-3:CNY48.00
    借鉴符号学, 文化理论中的论争, 以及福柯和阿尔都塞的著作, 本书作者约翰·塔格拒绝了这样一种观念, 即将摄影当作一种对现实的记录, 当作一个纪实性传统的概念。塔格追溯了一段先前未经考察的历史, 这段历史不仅对摄影的历史和理论产生了深远的影响, 而且对于理解表征的新手段和方式在现代社会管理过程中所发挥的作用意义重大。作为回应, 本书作者对照片的意义、地位和影响进行了严格的历史和制度分析, 书中的观点植根于作者对现代国家的发展和扩散的历史性把握。
●
相关链接 在E读中查询图书 在五车中查询图书 在当当中查询图书 在豆瓣中查询图书


正题名:表征的重负     索取号:J40-02/403         预约/预借

序号 登录号 条形码 馆藏地/架位号 状态 备注
1 1187401   211874015   第一样本阅览室/ [索取号:J40-02/403] 在馆    
2 1187402   211874024   第一借阅区/ [索取号:J40-02/403] 在馆    
3 1187403   211874033   第一借阅区/ [索取号:J40-02/403] 在馆    
4 1187404   211874042   第一借阅区/ [索取号:J40-02/403] 在馆    
唐山师范学院图书馆 欢迎您!
大连网信软件有限公司© 版权所有